| 000 | 00958cam a2200277 a 4500 | ||
|---|---|---|---|
| 001 | 501 | ||
| 005 | 20240227092134.0 | ||
| 020 |
_a0590541781 : _c£12.99 |
||
| 040 |
_aUKM _cUKM _dDLC _dFISKH _beng |
||
| 050 | 0 | 0 |
_aPZ7.P968 _bNo 1995 |
| 082 | 0 | 0 |
_a813.6 _221 |
| 100 | 1 |
_aPullman, Philip, _d1946- |
|
| 245 | 1 | 0 |
_aNorthern lights / _cPhilip Pullman. |
| 260 |
_aLondon ; _aNew York : _bScholastic Children's Books, _c1995. |
||
| 300 |
_a399 pages ; _c23 cm. |
||
| 490 | 1 |
_aHis dark materials _320th anniversary edition |
|
| 505 | _aQ | ||
| 520 | _aAccompanied by her daemon, Lyra Belacqua sets out to prevent her best friend and other kidnapped children from becoming the subject of gruesome experiments in the Far North. | ||
| 521 |
_a900
_bLexile |
||
| 521 |
_aQ
_bRaz-Plus |
||
| 650 | 1 |
_aMissing persons _xFiction. |
|
| 650 | 1 |
_aKidnapping _xFiction. |
|
| 650 | 1 | _aFantasy. | |
| 906 |
_a7 _bcbc _ccopycat _d3 _encip _f19 _gy-gencatlg |
||
| 942 |
_2ddc _cBK _n0 |
||
| 999 |
_c501 _d501 |
||